Top 20 Most Famous US Presidents - Statistics

General Stats
  • This quiz has been taken 2,032 times
  • The average score is 17 of 20
Answer Stats
% answer % Correct
98 George Washington
98%
93 Abraham Lincoln
96%
96 Barack Obama
96%
97 George Bush, Sr & Jr
95%
92 Franklin & Theodore Roosevelt
94%
92 John F Kennedy
90%
84 Thomas Jefferson
89%
93 Bill Clinton
88%
87 Ronald Reagan
88%
86 Richard Nixon
87%
85 John & John Quincy Adams
86%
76 Dwight D Eisenhower
82%
73 Harry Truman
79%
79 Jimmy Carter
79%
82 Lyndon & Andrew Johnson
78%
72 Andrew Jackson
76%
75 Gerald Ford
72%
67 James Madison
68%
69 Herbert Hoover
66%
66 Ulysses S Grant
66%
No matching quizzes found
Score Distribution
Percent of People with Each Score
Percentile by Number Answered
Your Score History
You have not taken this quiz